Batman TV Fight Sound Effects Quiz Stats

 Plays Quiz Updated Jun 10, 2017

Support Sporcle.
Go Orange.
Score 0/63 Timer 08:00
4 Plays Today
Sound Effect Words % Correct
POW!
85.4%
BAM!
75.9%
BANG! or BANG-ETH!
56.4%
WHAMM! or WHAM-ETH!
46.2%
KAPOW!
46%
ZAP! or ZAPETH
40.5%
CRASH!
38.7%
OUCH! or OUCH-ETH!
37.6%
BIFF!
36.3%
OWWW!
32.2%
OOOOFF!
29.8%
CRR-AAACK! or CR-R-A-A-CK!
29.5%
WHACK! or WHACK-ETH!
29.1%
SPLA-A-T! or SPLATT!
25.6%
CRUNCH! or CRUNCH-ETH!
24.6%
BONK!
22.1%
SOCK!
21.7%
ZAM! or ZAMM!
21.2%
BOFF!
20.9%
AIEEE! or AIIEEE!
20.4%
CLANGE!
20.2%
BAP!
19.6%
WHAP!
19.5%
CLANK! or CLANK-EST!
19%
THWACK! or THWACKE!
18.9%
EEE-YOW!
18.6%
PLOP!
18.3%
SWISH!
17.7%
ZOWIE!
17.1%
AWK! or AWKKKKKK!
17%
CLUNK! or CLUNK-ETH!
16.9%
UGGH!
16.9%
Sound Effect Words % Correct
RIP!
16.8%
BLOOP!
16.6%
CLASH!
16.3%
PAM!
15.6%
THUNK!
14.6%
SWOOSH!
14.5%
SPLOOSH!
13.4%
POWIE!
12.9%
KRUNCH!
12.5%
KER-PLOP!
12.4%
KAYO!
12.2%
GLIPP!
12%
TOUCHÉ!
11.6%
BLURP!
11.5%
KLONK!
11.2%
SLOSH!
11.1%
ZOK!
11%
GLURPP!
10.1%
ZLONK!
9.7%
KER-SPLOOSH!
9.6%
ZWAPP!, ZZZZZWAP! or Z-ZWAP!
9.6%
ZLOPP!
9.3%
THWAPP! or THWAPE!
9.2%
FLRBBBBB!
9%
VRONK!
8.9%
ZLOTT!
8.7%
RAKKK!
8.7%
SWA-A-P!
8%
URKKK! or URKK!
7.4%
QUNCKKK!
6.7%
ZGRUPPP!
5.4%

You're not logged in!

Compare scores with friends on all Sporcle quizzes.
OR
Log In
Forgot?

From the Vault

Oceania Without Sporcle

by alinrotundu

A continent without Sporcle is a sad continent indeed.
Remove Ads.
Support Sporcle.
Get the best of Sporcle when you Go Orange. This ad-free experience offers more features, more stats, and more fun while also helping to support Sporcle. Thank you for becoming a member.

Show Comments

Extras

Top Quizzes Today


Score Distribution

Your Account Isn't Verified!

In order to create a playlist on Sporcle, you need to verify the email address you used during registration. Go to your Sporcle Settings to finish the process.

Report this User

Report this user for behavior that violates our Community Guidelines.

Details: